000 01160nab a22002177a 4500
999 _c5783
_d5783
003 OSt
005 20260106134623.0
008 190514b xxu||||| |||| 00| 0 spa d
040 _cPJ
100 _96145
_aOssola, Federico A.
245 1 0 _aAcción de fraude entre cónyuges :
_bprocedencia, efectos y prescripción /
_cFederico A. Ossola.
300 _ap. 93-106
505 _aSumario: I. El marco en el que se desenvuelve el tema en análisis.— II. Una nueva norma.— III. Se trata de un caso específico de fraude a la ley.— IV. Lo esencial: la causa final del acto y su efecto. ¿Debe acreditarse el dolo?— V. Actos comprendidos en la figura.— VI. Aspectos temporales.— VII. Algunas particularidades de la acción.— VIII. Efectos de la acción.— IX. Prescripción de la acción.
505 _tSi te interesa el texto, comunicate a koha@justierradelfuego.gov.ar
650 0 _9967
_aDERECHO DE FAMILIA
650 0 _aCODIGO CIVIL Y COMERCIAL
_91497
650 0 _aCÓNYUGE
_95369
650 0 _aFRAUDE
_91042
773 0 _02844
_93222
_dBuenos Aires : AbeledoPerrot, 1989-
_tDerecho de familia. N° 115 - Julio 2024
_z18511201
942 _2udc
_cANA